Online katalóg knižníc regiónu Turca

Veľká kniha riekaniek (Record no. 21426)

MARC details
000 -LEADER
fixed length control field 01831cam a2200493 4500
001 - CONTROL NUMBER
control field 21426
003 - CONTROL NUMBER IDENTIFIER
control field VRT
005 - DATE AND TIME OF LATEST TRANSACTION
control field 20260302102251.0
008 - FIXED-LENGTH DATA ELEMENTS--GENERAL INFORMATION
fixed length control field 251103s2019 xr a br 001 p slo
015 ## - NATIONAL BIBLIOGRAPHY NUMBER
National bibliography number SNBZSA2020/01
020 ## - INTERNATIONAL STANDARD BOOK NUMBER
International Standard Book Number 9788074517402
Qualifying information (viazané)
035 ## - SYSTEM CONTROL NUMBER
System control number urn:nbn:sk:snk-am00dx91
035 ## - SYSTEM CONTROL NUMBER
System control number urn:nbn:sk:snk-am3i8cl
035 ## - SYSTEM CONTROL NUMBER
System control number 7136153D-2887-4369-AD61-3F77F15C2519
039 #9 - LEVEL OF BIBLIOGRAPHIC CONTROL AND CODING DETAIL [OBSOLETE]
Level of rules in bibliographic description 202511031442
Level of effort used to assign nonsubject heading access points VLOAD
Level of effort used to assign subject headings 202304291428
Level of effort used to assign classification AUTHORITY
Level of effort used to assign subject headings 202304291418
Level of effort used to assign classification AUTHORITY
Level of effort used to assign subject headings 202304291417
Level of effort used to assign classification AUTHORITY
040 ## - CATALOGING SOURCE
Original cataloging agency SKPK
Language of cataloging slo
Transcribing agency SKPK
Modifying agency SNK
Description conventions rda
041 1# - LANGUAGE CODE
Language code of text/sound track or separate title slo
Language code of original cze
044 ## - COUNTRY OF PUBLISHING/PRODUCING ENTITY CODE
MARC country code xr
ISO country code CZ
072 #7 - SUBJECT CATEGORY CODE
Subject category code 821.162.3
Subject category code subdivision Česká literatúra
Source konspekt
072 #7 - SUBJECT CATEGORY CODE
Subject category code 821-93
Subject category code subdivision Literatúra pre deti a mládež (beletria)
Source konspekt
080 ## - UNIVERSAL DECIMAL CLASSIFICATION NUMBER
Universal Decimal Classification number 821-193
Edition identifier 2011
080 ## - UNIVERSAL DECIMAL CLASSIFICATION NUMBER
Universal Decimal Classification number 82-93-053.4/.5
Edition identifier 2011
080 ## - UNIVERSAL DECIMAL CLASSIFICATION NUMBER
Universal Decimal Classification number 82-98
Edition identifier 2011
100 1# - MAIN ENTRY--PERSONAL NAME
Personal name Gebhartová, Vladimíra,
Dates associated with a name 1931-2018
Relationship com
245 00 - TITLE STATEMENT
Title Veľká kniha riekaniek
Statement of responsibility, etc. zostavila Vladimíra Gebhartová ; ilustrácie Antonín Šplíchal
264 #1 - PRODUCTION, PUBLICATION, DISTRIBUTION, MANUFACTURE, AND COPYRIGHT NOTICE
Place of production, publication, distribution, manufacture Praha
Name of producer, publisher, distributor, manufacturer Ottovo nakladatelství, s.r.o.
Date of production, publication, distribution, manufacture, or copyright notice 2019
300 ## - PHYSICAL DESCRIPTION
Extent 112 strán
Other physical details ilustrácie
Dimensions 31 cm
336 ## - CONTENT TYPE
Content type term text
Content type code txt
Source rdacontent
336 ## - CONTENT TYPE
Content type term statický obraz
Content type code sti
Source rdacontent
337 ## - MEDIA TYPE
Media type term bez média
Media type code n
Source rdamedia
338 ## - CARRIER TYPE
Carrier type term zväzok
Carrier type code nc
Source rdacarrier
500 ## - GENERAL NOTE
General note Preložené pravdepodobne z češtiny
504 ## - BIBLIOGRAPHY, ETC. NOTE
Bibliography, etc. note Obsahuje abecedný a tematický register na strane 108 - 112
650 #7 - SUBJECT ADDED ENTRY--TOPICAL TERM
Topical term or geographic name entry element hádanky
Source of heading or term SNKPH
650 #7 - SUBJECT ADDED ENTRY--TOPICAL TERM
Topical term or geographic name entry element Riddles
Source of heading or term SNKPHeng
655 #7 - INDEX TERM--GENRE/FORM
Genre/form data or focus term riekanky
Source of term SNKPH
655 #7 - INDEX TERM--GENRE/FORM
Genre/form data or focus term literatúra pre deti
Source of term SNKPH
655 #7 - INDEX TERM--GENRE/FORM
Genre/form data or focus term Nursery rhymes
Source of term SNKPHeng
655 #7 - INDEX TERM--GENRE/FORM
Genre/form data or focus term Children's literature
Source of term SNKPHeng
700 1# - ADDED ENTRY--PERSONAL NAME
Personal name Šplíchal, Antonín,
Dates associated with a name 1947-
Relationship ill
700 1# - ADDED ENTRY--PERSONAL NAME
Personal name Dunajová, Tatiana
Relationship trl
942 ## - ADDED ENTRY ELEMENTS (KOHA)
Source of classification or shelving scheme Dewey Decimal Classification
Koha item type Krásna literatúra pre deti
Suppress in OPAC No
949 ## - LOCAL PROCESSING INFORMATION (OCLC)
6 17A1390288
a snkSB 94691
b snk2019/25674
o Pemic17-ah/23Int. č. fa - 10/2019
s 6100:20200113
Holdings
Stav vyradenia Strata Poškodenie Spôsob nadobudnutia Domovská knižnica Aktuálna knižnica Dátum nadobudnutia Total checkouts Čiarový kód exemplára Date last seen Typ exemplára
      Dar Obecná knižnica Turčianska Štiavnička Obecná knižnica Turčianska Štiavnička 02.03.2026   4738000112 02.03.2026 Krásna literatúra pre deti
Projekt je podporený Slovenskou asociáciou knižníc
Prevádzkuje Turčianska knižnica Martin 2026